| 000 | 00852nam a2200241 a 4500 | ||
|---|---|---|---|
| 001 | 685 | ||
| 003 | BR-CuiBMT | ||
| 005 | 20231127162058.0 | ||
| 008 | 231113b2006 rjb 000 0 por d | ||
| 020 | _a8530920910 | ||
| 040 |
_aBR-CuiBMT _cBR-CuiBMT |
||
| 080 |
_22007 _a342.9 |
||
| 090 |
_a342.9 _bT278 |
||
| 245 |
_aTemas de direito administrativo : _bestudo em homenagem ao professor Paulo Neves de carvalho / _cSérgio Mourão Corrêa Lima ; [autores: Adilson Abreu Dallari ... et al.] ; prefácio de Pedro Paulo de Almeida Dutra. |
||
| 250 | _a1. ed. | ||
| 260 |
_aRio de Janeiro : _bForense, _c2006. |
||
| 300 |
_a261 p. ; _c23 cm |
||
| 500 | _aVários colaboradores. | ||
| 650 |
_aDireito administrativo _zBrasil |
||
| 700 | 1 |
_aLima, Sérgio Mourão Corrêa _4coord. |
|
| 700 | 1 |
_aDallari, Adilson de Abreu _eet al. _eautores |
|
| 942 |
_2udc _cLV |
||
| 999 |
_c685 _d685 |
||